| 000 | 03682nam a2200493 i 4500 | ||
|---|---|---|---|
| 001 | 161841 | ||
| 003 | ES-MaACL | ||
| 005 | 20250825062643.0 | ||
| 008 | 940301m18821885sp a |||| | spa d | ||
| 040 | _cES-MaACL | ||
| 080 | _a821.134.2-31"18" | ||
| 100 | 1 |
_aPérez Galdós, Benito, _d1843-1920 _eaut _990871 |
|
| 245 | 1 | 0 |
_aEpisodios nacionales / _cpor B. Pérez Galdós. |
| 260 |
_aMadrid : _bAdministración de La Guirnalda y Episodios Nacionales, _c1882-1885 |
||
| 300 |
_a10 volúmenes : _bilustraciones ; _c28 cm. |
||
| 505 | _aI. Trafalgar ; La corte de Carlos IV / edición ilustrada por Enrique y Arturo Mélida -- II. El 19 de marzo y el 2 de mayo / edición ilustrada por Enrique y Arturo Mélida -- III. Napoleón en Chamartín ; Zaragoza / ilustrado por Mélida y Lizcano -- IV. Gerona ; Cádiz / ilustrado por Pellicer ... [et al.] -- V. Juan Martín El Empecinado ; La batalla de los Arapiles / ilustrado por Pellicer ... [et al.] -- VI. El equipaje del Rey José ; Memorias de un cortesano / ilustrado por Mestres y Sala -- VII. La segunda casaca ; El grande Oriente / ilustrado por Mélida y Pellicer -- VIII. 7 de julio ; Los Cien Mil hijos de San Luis / ilustrado por Gómez Soler y Esteban -- IX. El terror de 1824 ; Un voluntario realista / ilustrado por Gómez Soler y Pellicer -- X. Los apostólicos ; Un faccioso más y algunos frailes menos / ilustrado por Mélida ... [et al.] | ||
| 530 | _aDisponible en formato digital | ||
| 599 | _aGrab. calc. intercalados en el texto. | ||
| 651 | 4 |
_aEspaña- _xHistoria- _yS.XIX- _vNovelas. _9138159 |
|
| 655 | 7 |
_2tgfbne _aNovelas históricas _9226782 |
|
| 655 | 7 |
_2tgfbne _aLibros ilustrados _9193653 |
|
| 700 | 1 |
_aMélida, Enrique, _d1838-1892 _9129808 _eill |
|
| 700 | 1 |
_aMélida y Alinari, Arturo, _d1849-1902 _979968 _eill |
|
| 700 | 1 |
_aLizcano Monedero, Ángel, _d1846-1929 _9157082 _eill |
|
| 700 | 1 |
_aPellicer, Josep Lluis, _d1842-1901 _9143862 _eill |
|
| 700 | 1 |
_aMestres, Apeles, _d1854-1936 _9140420 _eill |
|
| 700 | 1 |
_aSala, Emilio, _d1850-1910 _9173469 _eill |
|
| 700 | 1 |
_aGómez Soler, Francisco, _dca. 1860-1899 _9146333 _eill |
|
| 700 | 1 |
_aEstevan, Enrique, _d1849-1927 _948126 _eill |
|
| 852 |
_aES-MaACL _cSPAL _jC-1409-18 _xHolandesa (vol. I-III y V) _xPasta (vol. IV, VI-X) |
||
| 856 | 4 |
_uhttp://bdh-rd.bne.es/viewer.vm?id=0000201259&page=1 _yVersión en línea (Vol. I) _z(Biblioteca Digital Hispánica) |
|
| 856 | 4 |
_uhttp://bdh-rd.bne.es/viewer.vm?id=0000201133&page=1 _yVersión en línea (Vol. II) _z(Biblioteca Digital Hispánica) |
|
| 856 | 4 |
_uhttp://bdh-rd.bne.es/viewer.vm?id=0000201261&page=1 _yVersión en línea (Vol. III) _z(Biblioteca Digital Hispánica) |
|
| 856 | 4 |
_uhttp://bdh-rd.bne.es/viewer.vm?id=0000232998&page=1 _yVersión en línea (Vol. IV) _z(Biblioteca Digital Hispánica) |
|
| 856 | 4 |
_uhttp://bdh-rd.bne.es/viewer.vm?id=0000233193&page=1 _yVersión en línea (Vol. V) _z(Biblioteca Digital Hispánica) |
|
| 856 | 4 |
_uhttp://bdh-rd.bne.es/viewer.vm?id=0000201267&page=1 _yVersión en línea (Vol. VI) _z(Biblioteca Digital Hispánica) |
|
| 856 | 4 |
_uhttp://bdh-rd.bne.es/viewer.vm?id=0000201269&page=1 _yVersión en línea (Vol. VII) _z(Biblioteca Digital Hispánica) |
|
| 856 | 4 |
_uhttp://bdh-rd.bne.es/viewer.vm?id=0000201275&page=1 _yVersión en línea (Vol. VIII) _z(Biblioteca Digital Hispánica) |
|
| 856 | 4 |
_uhttps://bvpb.mcu.es/es/consulta/registro.do?id=485133 _yVersión en línea (Vol. IX) _z(Biblioteca Virtual del Patrimonio Bibliográfico) |
|
| 856 | 4 |
_uhttp://bdh-rd.bne.es/viewer.vm?id=0000233007&page=1 _yVersión en línea (Vol. X) _z(Biblioteca Digital Hispánica) |
|
| 942 |
_cMONANT _n0 |
||
| 999 |
_c161841 _d161841 |
||